Spider-Man No Way Home Characters - Statistics

General Stats
  • This quiz has been taken 38 times
  • The average score is 7 of 11
Answer Stats
Picture Answer % Correct
MCU spider-man
97%
MJ
84%
aunt may
78%
ned
72%
green goblin
69%
sandman
69%
electro
59%
lizard
56%
doctor octopus
53%
the amazing spider-man
25%
Sam Rami Spider-man
13%
No matching quizzes found
Score Distribution
Percent of People with Each Score
Percentile by Number Answered
Your Score History
You have not taken this quiz